Vista normal Vista MARC
  • Imprenta del Colegio de la Asunción (Córdoba)

Entrada Nom corporatiu

Número de registros utilizados en: 6

001 - NÚMERO DE CONTROL

  • campo de control: 168431

003 - IDENTIFICADOR DEL NÚMERO DE CONTROL

  • campo de control: ES-BaIT

005 - FECHA Y HORA DE LA ÚLTIMA TRANSACCIÓN

  • campo de control: 20260212140622.0

008 - DATOS DE LONGITUD FIJA

  • campo de control de longitud fija: 260212|| aca||aabn | a|a d

040 ## - FUENTE DE LA CATALOGACIÓN

  • Centro catalogador/agencia de origen: ES-BaIT

110 2# - ENCABEZAMIENTO-NOMBRE DE ENTIDAD CORPORATIVA

  • Nombre de entidad corporativa o nombre de jurisdicción como elemento de entrada: Imprenta del Colegio de la Asunción (Córdoba)

410 2# - TRAZADO DE VÉASE--NOMBRE DE ENTIDAD CORPORATIVA

  • Nombre de entidad corporativa o nombre de jurisdicción como elemento de entrada: Colegio de la Asunción (Córdoba)

410 2# - TRAZADO DE VÉASE--NOMBRE DE ENTIDAD CORPORATIVA

  • Nombre de entidad corporativa o nombre de jurisdicción como elemento de entrada: Imprenta del Colegio de la Asunción (Còrdova)

410 2# - TRAZADO DE VÉASE--NOMBRE DE ENTIDAD CORPORATIVA

  • Nombre de entidad corporativa o nombre de jurisdicción como elemento de entrada: Colegio de Nuestra Señora de la Asunción (Córdoba)

410 2# - TRAZADO DE VÉASE--NOMBRE DE ENTIDAD CORPORATIVA

  • Nombre de entidad corporativa o nombre de jurisdicción como elemento de entrada: Imprenta hispano-latina del Colegio de la Asunción (Córdoba)

670 ## - FUENTE DE DATOS ENCONTRADOS

  • Cita de la fuente: BNE/A, 12.02.2026
  • Información encontrada: (enc: Imprenta del Colegio de la Asunción (Córdoba)

Con tecnología Koha